The hydromagnetics of the sun (Record no. 8292)

MARC details
000 -LEADER
fixed length control field 00901nam a2200217Ia 4500
003 - CONTROL NUMBER IDENTIFIER
control field IN-BaIIA
008 - FIXED-LENGTH DATA ELEMENTS--GENERAL INFORMATION
fixed length control field 211028s9999 xx 000 0 eng d
020 ## - INTERNATIONAL STANDARD BOOK NUMBER
International Standard Book Number 0379-6566
040 ## - CATALOGING SOURCE
Transcribing agency IIA Library
080 ## - UNIVERSAL DECIMAL CLASSIFICATION NUMBER
Universal Decimal Classification number 523.9
Item number ESA
110 ## - MAIN ENTRY--CORPORATE NAME
Corporate name or jurisdiction name as entry element European Space Agency
111 ## - MAIN ENTRY--MEETING NAME
Meeting name or jurisdiction name as entry element European Meeting on Solar Physics on Solar Physics
Number of part/section/meeting 4th
Location of meeting Noordwijkerhout
Date of meeting or treaty signing 1984 Oct. 1-3
9 (RLIN) 13911
245 #4 - TITLE STATEMENT
Title The hydromagnetics of the sun
Remainder of title proceedings of the fourth European Meeting on Solar Physics, Noordwijkerhout, the Netherlands, 1-3 October 1984 
Statement of responsibility, etc. European Space Agency
260 ## - PUBLICATION, DISTRIBUTION, ETC.
Place of publication, distribution, etc. Mario-Nikis
Name of publisher, distributor, etc. European Space Agency
Date of publication, distribution, etc. 1984
300 ## - PHYSICAL DESCRIPTION
Extent [various pagings.]
650 ## - SUBJECT ADDED ENTRY--TOPICAL TERM
Topical term or geographic name entry element Astronomy and Astrophysics thesaurus
650 ## - SUBJECT ADDED ENTRY--TOPICAL TERM
Topical term or geographic name entry element Hydromagnetics
9 (RLIN) 13912
650 ## - SUBJECT ADDED ENTRY--TOPICAL TERM
Topical term or geographic name entry element Sun
9 (RLIN) 1200
710 ## - ADDED ENTRY--CORPORATE NAME
Corporate name or jurisdiction name as entry element Solar Physics Section of the European Physical Society, Observatory 
9 (RLIN) 13913
942 ## - ADDED ENTRY ELEMENTS (KOHA)
Koha item type Books
Holdings
Withdrawn status Lost status Damaged status Not for loan Home library Current library Shelving location Date acquired Total Checkouts Full call number Barcode Date last seen Price effective from Koha item type
        IIA Library-Bangalore IIA Library-Bangalore General Stacks 11/06/1985   523.9/ ESA 9136 05/11/2021 11/06/1985 Books

Powered by Koha